[Event "Karposh Open  2012"]
[Site "Skopje MKD"]
[Date "2012.04.10"]
[Round "5.65"]
[White "Lampsas, Georgios"]
[Black "Gjorgjevski, Janco"]
[Result "0-1"]
[WhiteElo "1660"]
[BlackElo "1936"]
[PlyCount "66"]
[EventDate "2012.04.07"]
[EventType "swiss"]
[EventRounds "9"]
[Source "lmi"]
[SourceDate "2012.04.07"]

1. c4 Nf6 2. Nc3 g6 3. e4 d6 4. Nge2 Bg7 5. g3 O-O 6. Bg2 e5 7. O-O Be6 8. b3
Nc6 9. d3 Nd7 10. Nd5 f5 11. Bh3 a5 12. Be3 Nc5 13. Rc1 Nd4 14. f4 fxe4 15.
Bxe6+ Ndxe6 16. dxe4 Nxe4 17. Nec3 Nxc3 18. Nxc3 c6 19. Qg4 Nd4 20. fxe5 Rxf1+
21. Rxf1 dxe5 22. Ne4 Nf5 23. Rd1 Qc7 24. Bf2 Rd8 25. Ng5 Rxd1+ 26. Qxd1 Nd4
27. Qg4 h5 28. Qe4 Qd6 29. g4 hxg4 30. Qxg4 Nf5 31. c5 Qd3 32. Qe4 Qd1+ 33. Qe1
Qg4+ 0-1

[Event "Karposh Open  2012"]
[Site "Skopje MKD"]
[Date "2012.04.10"]
[Round "5.69"]
[White "Ranic, Viktor"]
[Black "Konstantinov, Aleksandar"]
[Result "1-0"]
[WhiteElo "1941"]
[BlackElo "1748"]
[PlyCount "95"]
[EventDate "2012.04.07"]
[EventType "swiss"]
[EventRounds "9"]
[Source "lmi"]
[SourceDate "2012.04.07"]

1. e4 e6 2. d4 d5 3. Nc3 Nf6 4. Bg5 dxe4 5. Nxe4 Be7 6. Bxf6 gxf6 7. Nf3 Nd7 8.
Qd2 f5 9. Nc3 Bf6 10. g3 Nb6 11. O-O-O Nd5 12. Bc4 Nxc3 13. Qxc3 O-O 14. Ne5 a6
15. Kb1 b5 16. Be2 Bb7 17. Bf3 Bxf3 18. Nxf3 Rc8 19. Qe3 Qd5 20. Rd3 c5 21.
dxc5 Qxc5 22. Qxc5 Rxc5 23. Rhd1 Rfc8 24. Ne1 R8c7 25. f4 a5 26. c3 b4 27. cxb4
axb4 28. Rb3 Rc4 29. Nd3 Rd7 30. Rc1 Re4 31. Nc5 Rdd4 32. Nxe4 fxe4 33. Kc2 Bg7
34. a3 bxa3 35. bxa3 f5 36. Rd1 Rc4+ 37. Kd2 h5 38. Rc1 Rd4+ 39. Ke3 Rd5 40.
Rc7 Rd8 41. Re7 e5 42. Reb7 exf4+ 43. gxf4 Bf8 44. R7b5 Ra8 45. Rxf5 Bxa3 46.
Kxe4 Ra4+ 47. Kd5 Bc1 48. Rg3+ 1-0

[Event "Karposh Open  2012"]
[Site "Skopje MKD"]
[Date "2012.04.10"]
[Round "5.70"]
[White "Lazov, Toni"]
[Black "Mihtis, Theodoros"]
[Result "1-0"]
[WhiteElo "1798"]
[BlackElo "1746"]
[PlyCount "101"]
[EventDate "2012.04.07"]
[EventType "swiss"]
[EventRounds "9"]
[Source "lmi"]
[SourceDate "2012.04.07"]

1. e4 d5 2. exd5 Nf6 3. Nf3 Nxd5 4. h3 c5 5. Bc4 Bf5 6. O-O e6 7. Re1 Be7 8. c3
O-O 9. d4 Nc6 10. Bxd5 Qxd5 11. dxc5 Qxc5 12. Be3 Qb5 13. Qb3 Qa6 14. Nd4 Na5
15. Qa4 Bd3 16. Nd2 b5 17. Qd1 Nc4 18. Nxc4 bxc4 19. b4 Rfd8 20. Qg4 Bf6 21. f4
Rd5 22. a4 Rad8 23. Qf3 e5 24. fxe5 Bxe5 25. b5 Qg6 26. Bf2 h6 27. Rac1 Bc7 28.
Nc6 Qd6 29. g3 Rd7 30. Ne7+ Rxe7 31. Rxe7 Rf5 32. Re8+ Kh7 33. Qc6 Qa3 34. Rce1
Rxf2 35. Kxf2 Bb6+ 36. Kg2 Qxc3 37. Qa8 g6 38. Qb7 Qb2+ 39. Kh1 Qf2 40. R8e7
Kg7 41. Qg2 Qf6 42. Rb7 c3 43. Qc6 Qd4 44. Qe6 Qf6 45. Qxf6+ Kxf6 46. Rd7 Bc4
47. Rc1 Be6 48. Rd3 Bb3 49. Rdxc3 Bxa4 50. Rb1 Ke5 51. Rc4 1-0

[Event "Karposh Open  2012"]
[Site "Skopje MKD"]
[Date "2012.04.10"]
[Round "5.71"]
[White "Georgieva, Emilia"]
[Black "Irakleidis, Christos"]
[Result "1-0"]
[WhiteElo "1918"]
[BlackElo "1523"]
[PlyCount "56"]
[EventDate "2012.04.07"]
[EventType "swiss"]
[EventRounds "9"]
[Source "lmi"]
[SourceDate "2012.04.07"]

1. d4 e6 2. Nf3 d5 3. c3 c5 4. e3 Nc6 5. Be2 Nf6 6. O-O Bd6 7. dxc5 Bxc5 8. b4
Bd6 9. a4 O-O 10. Bb2 Ne5 11. Nxe5 Bxe5 12. f4 Bc7 13. Rf3 b6 14. Nd2 Bb7 15.
Rh3 Qd6 16. Nf3 Qc6 17. Bb5 Qd6 18. Qd4 a6 19. Bd3 h6 20. Rg3 Qd7 21. b5 Qd8
22. Ne5 Ne4 23. Rh3 Nf6 24. g4 Bxe5 25. fxe5 Ne4 26. bxa6 Bc6 27. Bxe4 dxe4 28.
g5 Rxa6 1-0

[Event "Karposh Open  2012"]
[Site "Skopje MKD"]
[Date "2012.04.11"]
[Round "6.4"]
[White "Rusev, Krasimir"]
[Black "Kozul, Zdenko"]
[Result "1-0"]
[WhiteElo "2516"]
[BlackElo "2602"]
[PlyCount "55"]
[EventDate "2012.04.07"]
[EventType "swiss"]
[EventRounds "9"]
[Source "lmi"]
[SourceDate "2012.04.07"]

1. d4 Nf6 2. c4 d6 3. Nc3 Nbd7 4. Nf3 e5 5. Bg5 h6 6. Bh4 c6 7. e3 g5 8. Bg3
Nh5 9. Qc2 exd4 10. Nxd4 Nc5 11. Rd1 Nxg3 12. hxg3 a5 13. Be2 Bg7 14. g4 a4 15.
Bf3 Qa5 16. Kf1 Ra6 17. Nce2 Rb6 18. Ng3 Be5 19. Ngf5 Qb4 20. Rd2 Be6 21. Nxe6
fxe6 22. Nxd6+ Ke7 23. Ne4 Nxe4 24. Bxe4 Qxb2 25. Qd3 Qa1+ 26. Rd1 Qxa2 27.
Qd7+ Kf6 28. Rxh6+ 1-0

[Event "Karposh Open  2012"]
[Site "Skopje MKD"]
[Date "2012.04.11"]
[Round "6.5"]
[White "Djukic, Nikola"]
[Black "Palac, Mladen"]
[Result "1/2-1/2"]
[WhiteElo "2513"]
[BlackElo "2593"]
[PlyCount "66"]
[EventDate "2012.04.07"]
[EventType "swiss"]
[EventRounds "9"]
[Source "lmi"]
[SourceDate "2012.04.07"]

1. e4 c5 2. Nf3 d6 3. d4 cxd4 4. Nxd4 Nf6 5. Nc3 a6 6. Be3 e5 7. Nb3 Be6 8. f3
h5 9. Qd2 Nbd7 10. O-O-O Be7 11. Kb1 Qc7 12. g3 Rc8 13. Nd5 Nxd5 14. exd5 Bf5
15. Bd3 Bxd3 16. Qxd3 Qc4 17. Qd2 Bd8 18. Rhe1 O-O 19. Bf2 f5 20. f4 a5 21. Qe2
Qxe2 22. Rxe2 a4 23. Nd2 e4 24. Nf1 b5 25. Bd4 Bf6 26. Ne3 g6 27. a3 Rc7 28. h4
Rfc8 29. Bxf6 Nxf6 30. Rd4 Ng4 31. Nxg4 hxg4 32. c3 Rc4 33. Rd1 Kg7 1/2-1/2

[Event "Karposh Open  2012"]
[Site "Skopje MKD"]
[Date "2012.04.11"]
[Round "6.6"]
[White "Nestorovic, Nikola"]
[Black "Sedlak, Nikola"]
[Result "0-1"]
[WhiteElo "2462"]
[BlackElo "2593"]
[PlyCount "71"]
[EventDate "2012.04.07"]
[EventType "swiss"]
[EventRounds "9"]
[Source "lmi"]
[SourceDate "2012.04.07"]

1. e4 c5 2. Nf3 d6 3. d4 cxd4 4. Nxd4 Nf6 5. Nc3 Bd7 6. Be3 Ng4 7. Bg5 h6 8.
Bh4 g5 9. Bg3 Bg7 10. Be2 h5 11. h4 gxh4 12. Rxh4 Nc6 13. Nb3 Rc8 14. Qd2 Nce5
15. O-O-O Ng6 16. Nd5 e6 17. Rxg4 hxg4 18. Ne3 Bc6 19. Bxd6 Bxe4 20. Qb4 Bc6
21. Nd4 Qb6 22. Nb5 Bd7 23. a4 Bh6 24. Kb1 Bxe3 25. fxe3 Qc6 26. Bd3 Qxg2 27.
Nc7+ Rxc7 28. Bxc7 Rh1 29. Rxh1 Qxh1+ 30. Ka2 Qc6 31. Bb8 f5 32. b3 a6 33. Qd4
Kf7 34. e4 f4 35. e5 Qd5 36. Qc3 0-1

[Event "Karposh Open  2012"]
[Site "Skopje MKD"]
[Date "2012.04.11"]
[Round "6.7"]
[White "Arsovic, Goran"]
[Black "Hera, Imre Jr"]
[Result "0-1"]
[WhiteElo "2422"]
[BlackElo "2555"]
[PlyCount "102"]
[EventDate "2012.04.07"]
[EventType "swiss"]
[EventRounds "9"]
[Source "lmi"]
[SourceDate "2012.04.07"]

1. d4 Nf6 2. Nf3 e6 3. c4 d5 4. Nc3 dxc4 5. e4 Bb4 6. Bg5 h6 7. Bxf6 Qxf6 8.
Bxc4 c5 9. O-O O-O 10. a3 cxd4 11. e5 Qd8 12. axb4 dxc3 13. bxc3 Qc7 14. Qe2 b6
15. Nd4 Nc6 16. Nxc6 Qxc6 17. Bb5 Qc7 18. Rfd1 Bb7 19. Qe3 Rfd8 20. h3 a6 21.
Bf1 a5 22. Bb5 axb4 23. Rxa8 Bxa8 24. Rxd8+ Qxd8 25. cxb4 Bxg2 26. Kxg2 Qd5+
27. Qf3 Qxb5 28. Qa8+ Kh7 29. Qe4+ g6 30. Qf4 Qd7 31. Kh2 b5 32. Qe3 Qe7 33.
Qd4 Qg5 34. Qc5 Qf5 35. Qxb5 Qxf2+ 36. Kh1 Kg7 37. Qb8 g5 38. b5 Qf1+ 39. Kh2
Qf2+ 40. Kh1 Qg3 41. b6 Qxh3+ 42. Kg1 g4 43. Qd8 Qg3+ 44. Kh1 Qxe5 45. Qc7 Qe1+
46. Kg2 Qe2+ 47. Kg1 Qe3+ 48. Kg2 h5 49. b7 Qe2+ 50. Kg3 Qf3+ 51. Kh4 Kg6 0-1

[Event "Karposh Open  2012"]
[Site "Skopje MKD"]
[Date "2012.04.11"]
[Round "6.8"]
[White "Mastrovasilis, Dimitrios"]
[Black "Nikolova, Adriana"]
[Result "1-0"]
[WhiteElo "2631"]
[BlackElo "2293"]
[PlyCount "81"]
[EventDate "2012.04.07"]
[EventType "swiss"]
[EventRounds "9"]
[Source "lmi"]
[SourceDate "2012.04.07"]

1. e4 c5 2. Nf3 d6 3. d4 cxd4 4. Nxd4 Nf6 5. Nc3 a6 6. h3 e6 7. g4 Be7 8. Bg2
Nfd7 9. g5 Nc6 10. h4 Qb6 11. Nde2 Qc7 12. Ng3 b5 13. Nh5 g6 14. Ng3 Bb7 15. b3
h5 16. Bb2 Rg8 17. Qd2 O-O-O 18. O-O-O Nb6 19. Kb1 Bf8 20. Nce2 Bg7 21. Bxg7
Rxg7 22. f4 Rgg8 23. f5 d5 24. fxe6 fxe6 25. Bh3 Rge8 26. Qf4 Ne5 27. Nd4 Ng4
28. Qxc7+ Kxc7 29. Bxg4 hxg4 30. e5 Bc8 31. h5 gxh5 32. Nxh5 Nd7 33. Rde1 Nf8
34. Nf4 Re7 35. Reg1 Rg7 36. Rxg4 Kb6 37. Rh6 Kc5 38. c3 Re8 39. b4+ Kb6 40.
Nxd5+ Ka7 41. Nf6 1-0

[Event "Karposh Open  2012"]
[Site "Skopje MKD"]
[Date "2012.04.11"]
[Round "6.9"]
[White "Delchev, Aleksander"]
[Black "Drenchev, Petar"]
[Result "1-0"]
[WhiteElo "2622"]
[BlackElo "2499"]
[PlyCount "64"]
[EventDate "2012.04.07"]
[EventType "swiss"]
[EventRounds "9"]
[Source "lmi"]
[SourceDate "2012.04.07"]

1. e4 c5 2. Nf3 Nc6 3. d4 cxd4 4. Nxd4 Nf6 5. Nc3 e5 6. Ndb5 d6 7. Bg5 a6 8.
Na3 b5 9. Nd5 Be7 10. Bxf6 Bxf6 11. c4 b4 12. Nc2 a5 13. g3 Bg5 14. h4 Bh6 15.
Bh3 Be6 16. Kf1 O-O 17. Kg2 Qb8 18. b3 Qa7 19. Qd3 Kh8 20. Rad1 Rab8 21. Qe2 a4
22. Rd3 Rb7 23. Rhd1 Qc5 24. Nde3 axb3 25. axb3 Ra7 26. Bxe6 fxe6 27. Ng4 Ra2
28. Rf3 d5 29. Nxh6 Nd4 30. Rxd4 exd4 31. Nf7+ Kg8 32. Ng5 d3 1-0

[Event "Karposh Open  2012"]
[Site "Skopje MKD"]
[Date "2012.04.11"]
[Round "6.10"]
[White "Solak, Dragan"]
[Black "Todorovic, Goran M"]
[Result "1/2-1/2"]
[WhiteElo "2602"]
[BlackElo "2499"]
[PlyCount "63"]
[EventDate "2012.04.07"]
[EventType "swiss"]
[EventRounds "9"]
[Source "lmi"]
[SourceDate "2012.04.07"]

1. e4 e5 2. Nf3 Nc6 3. Bb5 a6 4. Bxc6 dxc6 5. O-O Bg4 6. h3 Bh5 7. g4 Bg6 8.
Nxe5 Qh4 9. Qf3 f6 10. Nxg6 hxg6 11. Kg2 O-O-O 12. d3 Bd6 13. Nd2 Bf4 14. Nc4
Bxc1 15. Raxc1 g5 16. Ne3 Ne7 17. Nf5 Ng6 18. Nxh4 Nxh4+ 19. Kg3 Nxf3 20. Kxf3
Rxh3+ 21. Kg2 Rh4 22. f3 c5 23. Rcd1 Kd7 24. Rh1 Rxh1 25. Rxh1 Ke6 26. Kf2 c4
27. Ke3 cxd3 28. cxd3 c5 29. Rh7 Kf7 30. Rh1 Ke6 31. Rh7 Kf7 32. Rh1 1/2-1/2

[Event "Karposh Open  2012"]
[Site "Skopje MKD"]
[Date "2012.04.11"]
[Round "6.12"]
[White "Chatalbashev, Boris"]
[Black "Hunt, Adam C"]
[Result "1-0"]
[WhiteElo "2570"]
[BlackElo "2454"]
[PlyCount "119"]
[EventDate "2012.04.07"]
[EventType "swiss"]
[EventRounds "9"]
[Source "lmi"]
[SourceDate "2012.04.07"]

1. d4 Nf6 2. Nf3 g6 3. Nbd2 d5 4. e3 Bg7 5. b4 O-O 6. Bb2 c6 7. c4 Bf5 8. Be2
Nbd7 9. O-O Ne4 10. Rc1 a5 11. b5 Nxd2 12. Qxd2 cxb5 13. cxb5 Nf6 14. Ba3 Re8
15. Qb2 Nd7 16. Nh4 Be6 17. f4 Bf6 18. Nf3 Bf5 19. Ne5 Bxe5 20. dxe5 Be4 21.
Qd4 e6 22. Rc3 Qb6 23. Rfc1 Qxd4 24. exd4 Nb6 25. Rc7 Rab8 26. Bc5 Na8 27. Rd7
Rec8 28. Re1 b6 29. Bd6 Rd8 30. Rc1 h6 31. Rxd8+ Rxd8 32. Be7 Re8 33. Bf6 Kf8
34. Rc3 Rb8 35. Rh3 Ke8 36. Rxh6 Kd7 37. Rh7 Rf8 38. Bg7 Rg8 39. Bh6 Ke8 40.
Bg5 Nc7 41. h4 Bc2 42. Kf2 Ba4 43. h5 gxh5 44. Bxh5 Rf8 45. Ke3 Bc2 46. Rh6 Rg8
47. g4 Kf8 48. Kd2 Be4 49. Rf6 Bg6 50. Bxg6 Rxg6 51. Rxg6 fxg6 52. a4 Ke8 53.
Ke3 Kd7 54. Kf3 Ke8 55. Kg3 Kd7 56. Kf3 Ke8 57. Bh4 Kf7 58. Be1 Ke7 59. Kg3 Kf7
60. Kh4 1-0

[Event "Karposh Open  2012"]
[Site "Skopje MKD"]
[Date "2012.04.11"]
[Round "6.13"]
[White "Potapov, Pavel"]
[Black "Yemelin, Vasily"]
[Result "1/2-1/2"]
[WhiteElo "2473"]
[BlackElo "2567"]
[PlyCount "47"]
[EventDate "2012.04.07"]
[EventType "swiss"]
[EventRounds "9"]
[Source "lmi"]
[SourceDate "2012.04.07"]

1. e4 e5 2. Nf3 Nc6 3. Bc4 Nf6 4. d3 Be7 5. O-O O-O 6. Re1 d6 7. a4 h6 8. a5 a6
9. h3 Kh8 10. Nc3 Nh7 11. Nd5 f5 12. exf5 Bxf5 13. c3 Ng5 14. Nxg5 Bxg5 15.
Bxg5 Qxg5 16. Qf3 Qd8 17. Qe3 Re8 18. b4 Be6 19. Qg3 Qd7 20. Re4 Qf7 21. Qf3
Qxf3 22. gxf3 Rac8 23. Kg2 Nd8 24. f4 1/2-1/2

[Event "Karposh Open  2012"]
[Site "Skopje MKD"]
[Date "2012.04.11"]
[Round "6.14"]
[White "Nevednichy, Vladislav"]
[Black "Pancevski, Filip"]
[Result "1-0"]
[WhiteElo "2562"]
[BlackElo "2470"]
[PlyCount "41"]
[EventDate "2012.04.07"]
[EventType "swiss"]
[EventRounds "9"]
[Source "lmi"]
[SourceDate "2012.04.07"]

1. c4 g6 2. g3 Bg7 3. Bg2 d6 4. Nc3 Nc6 5. d3 e5 6. e3 Be6 7. Nge2 Qd7 8. O-O
Nge7 9. Nd5 O-O 10. Rb1 Nc8 11. b3 Nd8 12. d4 c6 13. Ndc3 exd4 14. Nxd4 Bh3 15.
Bxh3 Qxh3 16. Ba3 Re8 17. Qd3 f5 18. f4 Nf7 19. Nd1 Nh6 20. Nf2 Qh5 21. Kg2 1-0

[Event "Karposh Open  2012"]
[Site "Skopje MKD"]
[Date "2012.04.11"]
[Round "6.17"]
[White "Krivokapic, Marko"]
[Black "Antic, Dejan"]
[Result "1/2-1/2"]
[WhiteElo "2415"]
[BlackElo "2513"]
[PlyCount "58"]
[EventDate "2012.04.07"]
[EventType "swiss"]
[EventRounds "9"]
[Source "lmi"]
[SourceDate "2012.04.07"]

1. e4 e6 2. d4 d5 3. Nc3 Nf6 4. Bg5 Bb4 5. exd5 Qxd5 6. Bxf6 Bxc3+ 7. bxc3 gxf6
8. Nf3 Qa5 9. Qd2 Bd7 10. c4 Qxd2+ 11. Nxd2 Rg8 12. f3 Nc6 13. c3 Ke7 14. Kf2
Rg5 15. Bd3 Ra5 16. Rhb1 b6 17. Rb5 a6 18. Rxa5 Nxa5 19. Nb3 Nxb3 20. axb3 a5
21. Be4 Ra7 22. b4 h6 23. Ke3 f5 24. Bd3 Ra8 25. g3 Bc6 26. c5 axb4 27. Rxa8
Bxa8 28. cxb4 Bd5 29. Kf4 f6 1/2-1/2

[Event "Karposh Open  2012"]
[Site "Skopje MKD"]
[Date "2012.04.11"]
[Round "6.18"]
[White "Dancevski, Orce"]
[Black "Mastrovasilis, Athanasios"]
[Result "0-1"]
[WhiteElo "2380"]
[BlackElo "2510"]
[PlyCount "72"]
[EventDate "2012.04.07"]
[EventType "swiss"]
[EventRounds "9"]
[Source "lmi"]
[SourceDate "2012.04.07"]

1. d4 Nf6 2. c4 e6 3. g3 d5 4. Nf3 dxc4 5. Bg2 a6 6. O-O b5 7. Ne5 Nd5 8. e4
Nf6 9. a4 Bb7 10. axb5 axb5 11. Rxa8 Bxa8 12. Nc3 c6 13. Bg5 Be7 14. Qa1 Bb7
15. Qa7 Qc8 16. d5 O-O 17. d6 Bxd6 18. Bxf6 gxf6 19. Ng4 Nd7 20. Rd1 Bc5 21.
Qa1 Be7 22. f4 Rd8 23. h3 h5 24. Nf2 Nc5 25. Bf3 Nd3 26. Nxd3 cxd3 27. Bxh5 b4
28. Na4 c5 29. b3 Bxe4 30. Qc1 c4 31. Qxc4 Qxc4 32. bxc4 d2 33. Ra1 Bc2 34. Bd1
b3 35. Kf1 Ra8 36. Ke2 b2 0-1

[Event "Karposh Open  2012"]
[Site "Skopje MKD"]
[Date "2012.04.11"]
[Round "6.19"]
[White "Saric, Sinisa"]
[Black "Kastelic, Marian"]
[Result "0-1"]
[WhiteElo "2480"]
[BlackElo "2286"]
[PlyCount "96"]
[EventDate "2012.04.07"]
[EventType "swiss"]
[EventRounds "9"]
[Source "lmi"]
[SourceDate "2012.04.07"]

1. d4 e6 2. c4 Bb4+ 3. Nd2 d5 4. Qa4+ Nc6 5. Ngf3 dxc4 6. e3 Bd7 7. Qc2 b5 8.
Be2 Nge7 9. O-O Nd5 10. Rd1 f5 11. a4 a6 12. e4 Nf6 13. exf5 exf5 14. b3 c3 15.
Nb1 Ne4 16. axb5 axb5 17. Rxa8 Qxa8 18. Bxb5 O-O 19. Bf4 Qa5 20. Bc4+ Kh8 21.
d5 Na7 22. Ne5 Be8 23. Nd3 Bd6 24. Bxd6 cxd6 25. f3 Qb6+ 26. Kh1 Nc5 27. Nxc3
Nxd3 28. Qxd3 Bd7 29. Ne2 Nb5 30. Nf4 Na3 31. Ne6 Rf7 32. Ra1 Qb4 33. Qd4 h6
34. Qh4 Rf6 35. Re1 Nc2 36. Re2 Qc3 37. h3 Ne3 38. Qg3 Bxe6 39. dxe6 f4 40. Qe1
Qe5 41. Ra2 Rf8 42. Ra5 Qb2 43. Qe2 Qc3 44. Ra7 Re8 45. Bb5 Nf5 46. Bxe8 Qc1+
47. Kh2 Ng3 48. Bg6 Qh1# 0-1

[Event "Karposh Open  2012"]
[Site "Skopje MKD"]
[Date "2012.04.11"]
[Round "6.20"]
[White "Blagojevic, Dragisa"]
[Black "Drljevic, Ljilja"]
[Result "1-0"]
[WhiteElo "2523"]
[BlackElo "2278"]
[PlyCount "119"]
[EventDate "2012.04.07"]
[EventType "swiss"]
[EventRounds "9"]
[Source "lmi"]
[SourceDate "2012.04.07"]

1. d4 d6 2. Nf3 Nd7 3. c4 e5 4. Nc3 Ngf6 5. g3 Be7 6. Bg2 O-O 7. O-O c6 8. e4
a6 9. h3 Re8 10. Be3 b5 11. c5 exd4 12. Nxd4 Bb7 13. cxd6 Bxd6 14. Nxc6 Qc7 15.
Nd4 Nxe4 16. Rc1 Qd8 17. Ndxb5 Bxg3 18. fxg3 axb5 19. Nxe4 Bxe4 20. Bxe4 Rxe4
21. Bf2 Ne5 22. Qxd8+ Rxd8 23. Rfd1 Ra8 24. Rc2 h5 25. b3 g5 26. Kg2 f6 27. Rd4
Rxd4 28. Bxd4 Nd3 29. Rd2 Nb4 30. Bxf6 g4 31. hxg4 hxg4 32. Be7 Nxa2 33. Rd4
Kf7 34. Bg5 Ra3 35. b4 Rb3 36. Bd2 Rb2 37. Kf1 Ke6 38. Ke1 Kf5 39. Rf4+ Ke5 40.
Rxg4 Kd5 41. Kd1 Ke5 42. Rh4 Ke6 43. Be1 Rb1+ 44. Ke2 Rb2+ 45. Kd3 Rb1 46. Bd2
Rb3+ 47. Kc2 Rxg3 48. Rh6+ Kd5 49. Ra6 Nxb4+ 50. Bxb4 Kc4 51. Bd2 Rg4 52. Rc6+
Kd5 53. Rb6 Kc4 54. Rb8 Rh4 55. Rc8+ Kd5 56. Kb3 Rc4 57. Rb8 Rd4 58. Bc3 Rc4
59. Rxb5+ Rc5 60. Rb8 1-0

[Event "Karposh Open  2012"]
[Site "Skopje MKD"]
[Date "2012.04.11"]
[Round "6.23"]
[White "Vukovic, Ivo"]
[Black "Bogdanovski, Vlatko"]
[Result "0-1"]
[WhiteElo "2229"]
[BlackElo "2435"]
[PlyCount "39"]
[EventDate "2012.04.07"]
[EventType "swiss"]
[EventRounds "9"]
[Source "lmi"]
[SourceDate "2012.04.07"]

1. Nf3 Nf6 2. g3 d5 3. Bg2 c6 4. b3 Bg4 5. Bb2 Nbd7 6. d3 e6 7. Nbd2 Bd6 8. c4
O-O 9. Qc2 Re8 10. O-O a5 11. a3 h6 12. Rfe1 Qb8 13. Bd4 c5 14. Bxf6 Nxf6 15.
a4 Rd8 16. e4 dxe4 17. Nxe4 Nxe4 18. dxe4 Be7 19. h3 Bh5 20. Rad1 0-1

[Event "Karposh Open  2012"]
[Site "Skopje MKD"]
[Date "2012.04.11"]
[Round "6.24"]
[White "D`costa, Lorin A R"]
[Black "Djukic, Sandra"]
[Result "1-0"]
[WhiteElo "2420"]
[BlackElo "2203"]
[PlyCount "68"]
[EventDate "2012.04.07"]
[EventType "swiss"]
[EventRounds "9"]
[Source "lmi"]
[SourceDate "2012.04.07"]

1. e4 c5 2. Nf3 Nc6 3. d4 cxd4 4. Nxd4 Qc7 5. Nc3 e6 6. g3 a6 7. Bg2 Nf6 8. O-O
Bc5 9. Nxc6 dxc6 10. Na4 Ba7 11. c4 e5 12. c5 Be6 13. b3 O-O 14. Be3 Rad8 15.
Qe2 Qe7 16. h3 Ne8 17. Rfd1 Nc7 18. Rac1 Nb5 19. f4 exf4 20. gxf4 f6 21. Kh2
Bb8 22. Rxd8 Rxd8 23. Rd1 Re8 24. Rd3 Bf7 25. Nb6 Be6 26. Qd2 f5 27. e5 g5 28.
Nc4 Kh8 29. Nd6 Rf8 30. b4 Nc7 31. fxg5 f4 32. Bxf4 Nd5 33. Bg3 Bf5 34. Rf3 Qe6
1-0

[Event "Karposh Open  2012"]
[Site "Skopje MKD"]
[Date "2012.04.11"]
[Round "6.25"]
[White "Nikolov, Sasho"]
[Black "Ilic, Ljubomir"]
[Result "1-0"]
[WhiteElo "2397"]
[BlackElo "2199"]
[PlyCount "57"]
[EventDate "2012.04.07"]
[EventType "swiss"]
[EventRounds "9"]
[Source "lmi"]
[SourceDate "2012.04.07"]

1. d4 g6 2. c4 Bg7 3. Nf3 d6 4. Nc3 Nd7 5. e4 e5 6. Bg5 f6 7. Be3 Bh6 8. Qd2
Bxe3 9. Qxe3 c5 10. dxe5 dxe5 11. O-O-O Ne7 12. Qh6 Kf7 13. Nb5 Nc6 14. Nd6+
Kg8 15. g3 Nd4 16. Nxd4 cxd4 17. Bh3 Qe7 18. c5 Nb6 19. f4 Bxh3 20. Qxh3 Nc8
21. fxe5 fxe5 22. Nc4 b5 23. Na5 Qxc5+ 24. Kb1 Nb6 25. Rc1 Nc4 26. Nxc4 bxc4
27. Qe6+ Kg7 28. Rxc4 Qa5 29. Qe7+ 1-0

[Event "Karposh Open  2012"]
[Site "Skopje MKD"]
[Date "2012.04.11"]
[Round "6.26"]
[White "Andrejic, Vladica"]
[Black "Nestorovic, Lazar"]
[Result "0-1"]
[WhiteElo "2164"]
[BlackElo "2374"]
[PlyCount "70"]
[EventDate "2012.04.07"]
[EventType "swiss"]
[EventRounds "9"]
[Source "lmi"]
[SourceDate "2012.04.07"]

1. e4 c5 2. Nf3 d6 3. d4 cxd4 4. Nxd4 Nf6 5. Nc3 a6 6. Be3 e5 7. Nb3 Be7 8. f3
h5 9. Qd2 Be6 10. O-O-O Nbd7 11. Kb1 b5 12. Nd5 Nxd5 13. exd5 Bf5 14. Bd3 Bxd3
15. Qxd3 O-O 16. g3 Rb8 17. h4 f5 18. Qe2 a5 19. g4 hxg4 20. fxg4 f4 21. Bf2 a4
22. Nd2 b4 23. g5 Qc8 24. Ne4 Nb6 25. Bxb6 Rxb6 26. g6 Qf5 27. h5 f3 28. Qe3 b3
29. axb3 axb3 30. Rd3 Rb4 31. Ng3 Qg4 32. Qf2 bxc2+ 33. Kxc2 Qc4+ 34. Rc3 Rxb2+
35. Kxb2 Rb8+ 0-1

[Event "Karposh Open  2012"]
[Site "Skopje MKD"]
[Date "2012.04.11"]
[Round "6.27"]
[White "Vachev, Vladimir"]
[Black "Erturan, Yakup"]
[Result "0-1"]
[WhiteElo "2152"]
[BlackElo "2370"]
[PlyCount "48"]
[EventDate "2012.04.07"]
[EventType "swiss"]
[EventRounds "9"]
[Source "lmi"]
[SourceDate "2012.04.07"]

1. Nf3 c5 2. c4 Nc6 3. g3 g6 4. Bg2 Bg7 5. O-O d6 6. Nc3 e5 7. d3 Nge7 8. a3
O-O 9. Rb1 a5 10. Bd2 h6 11. Ne1 Be6 12. Nc2 d5 13. cxd5 Nxd5 14. Ne3 Nde7 15.
Nc4 Rb8 16. a4 Nd4 17. Ne4 b6 18. Ned6 Bd5 19. Bc3 Bxg2 20. Kxg2 Qd7 21. e3
Qc6+ 22. f3 Ne6 23. Qc2 Nd5 24. Nb5 Rbd8 0-1

[Event "Karposh Open  2012"]
[Site "Skopje MKD"]
[Date "2012.04.11"]
[Round "6.28"]
[White "Menkinoski, Riste"]
[Black "Arat, Ufuk Sezen"]
[Result "0-1"]
[WhiteElo "2369"]
[BlackElo "2089"]
[PlyCount "128"]
[EventDate "2012.04.07"]
[EventType "swiss"]
[EventRounds "9"]
[Source "lmi"]
[SourceDate "2012.04.07"]

1. Nf3 Nf6 2. e3 g6 3. b4 Bg7 4. Bb2 d6 5. d4 O-O 6. Be2 Nbd7 7. c4 Re8 8. O-O
e5 9. Nc3 e4 10. Nd2 Nf8 11. Qb3 h5 12. Rae1 N8h7 13. f3 exf3 14. Bxf3 Ng5 15.
e4 Ng4 16. Nd5 Ne6 17. Qd3 c6 18. Bxg4 hxg4 19. Nf4 c5 20. Nxe6 Bxe6 21. a3 Qb6
22. dxc5 dxc5 23. Bxg7 Kxg7 24. Qc3+ Kg8 25. Kh1 Rad8 26. Nb3 Qa6 27. Nxc5 Qxc4
28. Qg3 Rd2 29. Nxb7 Rd3 30. Qf2 Qc6 31. Na5 Qb6 32. Ra1 Red8 33. Qf6 Qd4 34.
Nc6 Qxf6 35. Rxf6 R8d6 36. Ne5 Rxa3 37. Raf1 Rd4 38. Nxf7 Bc4 39. Rxg6+ Kh7 40.
Rxg4 Bxf1 41. Ng5+ Kh6 42. Nf7+ Kh5 43. Rg5+ Kh4 44. g3+ Kh3 45. Rh5+ Kg4 46.
Rf5 Be2 47. Kg2 Bf3+ 48. Rxf3 Rxf3 49. Ne5+ Kh5 50. Kxf3 Rxb4 51. Nc6 Rb7 52.
e5 Rc7 53. Nd4 a5 54. Ke4 a4 55. Kd5 Rd7+ 56. Kc4 a3 57. Nc2 a2 58. Kb3 Rd2 59.
Na1 Rxh2 60. g4+ Kg6 61. Ka3 Kf7 62. g5 Ke6 63. g6 Kxe5 64. g7 Rg2 0-1

[Event "Karposh Open  2012"]
[Site "Skopje MKD"]
[Date "2012.04.11"]
[Round "6.30"]
[White "Hadzi - Manev, Ljubomir"]
[Black "Piskur, Mitja"]
[Result "0-1"]
[WhiteElo "2067"]
[BlackElo "2303"]
[PlyCount "70"]
[EventDate "2012.04.07"]
[EventType "swiss"]
[EventRounds "9"]
[Source "lmi"]
[SourceDate "2012.04.07"]

1. d4 d6 2. Nf3 f5 3. g3 Nf6 4. Bg2 c6 5. c4 Qa5+ 6. Bd2 Qb6 7. Nc3 Ne4 8. Be3
Qxb2 9. Nxe4 fxe4 10. Nd2 d5 11. O-O e6 12. c5 Qa3 13. Nb3 Be7 14. f3 exf3 15.
Rxf3 Nd7 16. Qc2 Nf6 17. Bf4 O-O 18. Bc7 Qa4 19. Qb2 Ng4 20. Rxf8+ Bxf8 21. Qd2
Bd7 22. Qg5 Nf6 23. Be5 Be7 24. h4 h6 25. Qg6 Qc4 26. Bf1 Be8 27. Qb1 Ng4 28.
e4 Qc3 29. Bf4 g5 30. hxg5 hxg5 31. Qd1 Ne3 32. Bxe3 Qxe3+ 33. Kh2 Kg7 34. e5
Bg6 35. Qd2 Rh8+ 0-1